Közép-Európa lélektana egy normatív program /
Elmentve itt :
| Szerző: | |
|---|---|
| Testületi szerző: | |
| Dokumentumtípus: | Könyv része |
| Megjelent: |
2000
|
| Sorozat: | Szakkollégiumi füzetek
2 Európa közepe - Közép-Európa? : a közép-európai gondolat lehetőségei 2 |
| Kulcsszavak: | Európaiság - közép-európai |
| Tárgyszavak: | |
| Online Access: | http://acta.bibl.u-szeged.hu/5539 |
| LEADER | 00895naa a2200229 i 4500 | ||
|---|---|---|---|
| 001 | acta5539 | ||
| 005 | 20220120151556.0 | ||
| 008 | 161015s2000 hu o 0|| hun d | ||
| 022 | |a 1586-8036 | ||
| 040 | |a SZTE Egyetemi Kiadványok Repozitórium |b hun | ||
| 041 | |a hun | ||
| 100 | 1 | |a Stachó László | |
| 245 | 1 | 0 | |a Közép-Európa lélektana |h [elektronikus dokumentum] : |b egy normatív program / |c Stachó László |
| 260 | |c 2000 | ||
| 300 | |a 101-120 | ||
| 490 | 0 | |a Szakkollégiumi füzetek |v 2 | |
| 490 | 0 | |a Európa közepe - Közép-Európa? : a közép-európai gondolat lehetőségei |v 2 | |
| 650 | 4 | |a Társadalomtudományok | |
| 650 | 4 | |a Szociológia | |
| 695 | |a Európaiság - közép-európai | ||
| 710 | |a Európa közepe - Közép-Európa? A közép-európai gondolat lehetőségei (2000) (Szeged) | ||
| 856 | 4 | 0 | |u http://acta.bibl.u-szeged.hu/5539/1/szakkol_002_101-120.pdf |z Dokumentum-elérés |